Famous Inventions - Statistics

General Stats
  • This quiz has been taken 20 times
  • The average score is 12 of 25
Answer Stats
Invention Date Inventor % Correct
4) Telephone 1876 Alexander Graham Bell
94%
1) Printing Press 1450 Johannes Gutenberg
94%
19) Braille system 1824 Louis Braille
83%
11) Powered airplane 1903 Wright Brothers
83%
5) Penicillin 1928 Alexander Fleming
78%
7) Lightning rod 1750 Benjamin Franklin
78%
17) Polonium/Radium 1898 Marie Curie
72%
8) Assembly line 1913 Henry Ford
67%
24) Revolver 1836 Samuel Colt
67%
10) Telegraph 1835 Samuel Morse
67%
6) Phonograph 1877 Thomas Edison
67%
18) Gas powered automobile 1885 Karl Benz
56%
2) AC induction motor 1888 Nikola Tesla
56%
16) X Rays 1895 Wilhelm Rontgen
56%
12) Cotton Gin 1793 Eli Whitney
50%
13) Polio vaccine 1955 Jonas Salk
50%
3) Basketball 1891 James Naismith
39%
9) Peanut synthetics/Jesup wagon 1890s-1906 George Washington Carver
28%
22) Electronic TV 1928 Philo Farnsworth
22%
20) Portable Fridge units 1940 Frederick Jones
0%
23) Traffic signal 1923 Garrett Morgan
0%
14) Pneumatic tire 1888 John Dunlop
0%
25) Windshield wipers 1903 Mary Anderson
0%
21) Ironing Board 1892 Sarah Boone
0%
15) Volleyball 1895 William Morgan
0%
No matching quizzes found
Score Distribution
Percent of People with Each Score
Percentile by Number Answered
Your Score History
You have not taken this quiz